000 00858pam a2200289 a 4500
001 3095
005 20240205151218.0
020 _a0590135635
040 _aDLC
_cDLC
_dDLC
_beng
050 0 0 _aPZ7.B81618
082 0 0 _a700
100 1 _aBrown, Marc
245 1 0 _aArthur's Christmas /
_cBrown, Marc
260 _aNew York :
_bScholastic,
_c1984
300 _a31 pages :
_bcolor illustrations ;
_c26 cm.
490 _aArthur the Aardvark
500 _a"An Atlantic Monthly Press book."
505 _aM
520 _aArthur puts a lot of time, effort, and thought into his special present for Santa Claus.
521 _a530
_bLexile
521 _aM
_bRaz-Plus
650 1 _aGifts
_vFiction.
650 1 _aChristmas
_vFiction.
650 1 _aAnimals
_vFiction.
906 _a7
_bcbc
_corignew
_d1
_eocip
_f19
_gy-gencatlg
942 _2ddc
_cBK
_n0
999 _c3095
_d3095